[Event "Bundesliga 9900"]
[Site "GER"]
[Date "1999.12.12"]
[Round "6.6"]
[White "Andersson, Ulf"]
[Black "Gisbrecht, Ewgeni"]
[Result "1-0"]
[WhiteElo "2623"]
[BlackElo "2422"]
[EventDate "1999.10.??"]

1. Nf3 d5 2. d4 c6 3. c4 Nf6 4. e3 a6 5. Bd3 e6 6. Nbd2 Nbd7 7. b3 {Zatim 
toto bylo vzacne poradi tahu pro slovanskou obranu. Bily se vyviji 
solidnim zpusobem a pokousi se vzit kontrolu pole e5. Bileho plan sestava 
z postupu e3-e4 a vytvoreni pole pro pozici jezdce na e5.} 7. ... b6 8. 
O-O Be7 9. Qe2 Bb7 10. Bb2 O-O 11. Rad1 D dxc4?! ( 11. ... c5 12. Ne5 Re8 
13. cxd5 exd5 14. f4 Nf8 15. Rf3 cxd4 16. exd4 Bb4 17. Rg3 Ng6 18. Bxg6 
fxg6 19. Bc3 Bd6 20. Re3 Rc8 21. g3 Rc7 {1/2-1/2 v Bisguier - Paoli, 
Reggio Emilia 1972/73} ) 12. Nxc4 b5?! {Cerny oslabuje damske kridlo a 
nepomaha procesu uvolneni strelce tahem c5. Stalo za uvahu je alternativa 
napriklad 12...Qc7 nebo 12...Nd5 v kazdem s mirne horsi pozici. Okamzite 
12...c5 13. dxc5 Bxc5 14.Bxf6 + /- by nebylo mozne.} 13. Nce5 Nxe5 14. 
Nxe5 Qb6 15. Bb1 Rfd8 {Cerny by mel vzit posledni sanci se uvolnit pomoci:
} ( 15. ... c5 16. dxc5 Qxc5 ( 16. ... Bxc5 17. Nd7 Nxd7 18. Rxd7 {s 
utokem} ) 17. Bd4 Qb4 ( 17. ... Qa3 18. Nd7 Nxd7 19. Bb2 Qb4 20. Rxd7 +- )
18. Ng4 += ) 16. Nd3! D {Bily prebira kontrolu mpole c5 a hrozi b4 a potom
Nc5.Cerny uz neni v zadne pozici osvobodit Bb7} 16. ... g6? ( 16. ... c5 
17. dxc5 Bxc5 ( 17. ... Qc6 18. f3 +/- ) 18. Bxf6 gxf6 19. Qg4+ Kf8 20. 
Qh5 +/- ) ( 16. ... a5 {lepsi pokus je} ) 17. Rc1 Nd7 18. b4! +/- a5 19. 
a3 {S kontrolou pole c5 bily kompletni dominuje nad oponentem a pokracuje 
vyuzit svoji vyhodu prostoru.} 19. ... Rdc8 20. Rfd1 Qd8 21. Bc2 Qf8 22. 
Nc5 Nxc5 ( 22. ... Rc7 23. Qf3 +/- ) 23. dxc5 {Bily ma velkou vyhodu v 
prostoru,, je to kontrola diagonaly a1-h8 a ma vyznane lepsiho belopolneho
strelce. I po vymene tezkych figur na sloupci d bily udrzi svou vyhodu.} 
23. ... Rd8 24. Bb3 Rxd1+ 25. Rxd1 Rd8 26. Rd3 a4 27. Bc2 Bc8 28. f4! {
Bily zvetsuje svou vyhodu postupem pescu na kralovskem kridle.} 28. ... 
Rxd3 29. Bxd3 Bd7 30. Be4 Qd8 31. Qd2! {BIly brani 31...Bf6 a soucasne ma 
na mysli Qc3} 31. ... Be8 32. Qc3! {Bily obsazuje dlouhou diagonalu a 
vynucuje obranny tah f6 Potom pozdeji vzdy ma nebezpecny manevr g4-g5. Po 
vymene 32.Qxd8 Bxd8 Bily by stale mel vyhodu, ale to neni tak snadne videt
jak muze byt ucinen pokrok.} 32. ... f6 ( 32. ... Qd1+ 33. Kf2 f6 34. h3 
+-- ) 33. Kf2 Kf7 34. g4 Bf8 35. Bf3 Be7 36. h4 Bf8 37. Ke2 Be7 38. Qc1 {
Bily si bere cas na rozhodnuti jakou paku vyuzije na kralovskem kridle.} 
38. ... Qd7 39. Qc2 Qd8 D {Jak muze bily ucelne rozsirit lepsi pescovou 
strukturu a prostorovou vyhodu?} 40. h5! {Bily otevira sloupec h a fixuje 
slaby bod na g6. Potom je Be4 aby donutil soupere k f6-f5 a oslabil 
diagonalu a1-h8.} 40. ... Kg8 ( 40. ... Qd7 41. Qc3 h6 42. hxg6+ Kg7 43. 
e4 Bxg6 44. Qe3 Qc7 45. Qd2 e5 46. f5 Bf7 47. Bc1 h5 48. gxh5 Qd8 ) 41. 
hxg6 hxg6 ( 41. ... Bxg6 42. Qc3 Be8 43. g5 +- ) 42. Be4 f5 ( 42. ... Kg7 
43. g5 e5 44. gxf6+ Bxf6 45. fxe5 Bg5 46. Qc1 +- ) 43. Bg2 Bf6 {
Pochopitelne cerny se snazi uvolnit,ale po 44.g5 a vymene cernopolnych 
strelcu je prevaha bileho dostatecna k vyhre. Vyuzit toho, hraje na 
strelcovou koncovku s dobrym proti spatnemu strelci.} 44. g5 Bxb2 45. Qxb2
{Po vymene cernopolnych strelcu bily kontroluje centralni pole d4, e5 a 
f6. Cerny nema nic na kompenzaci za bileho velkou vyhodu v prostoru a sve 
slabiny na cernych polich.} 45. ... Qd7 46. Qe5! +- {Cerny nema absolutne 
zadnou protihru a vse co muze je cekat az padne sekyra.} 46. ... Kf7 47. 
Bf3 Qd8 48. e4 Qd7 49. Qa1 {Andersson si uziva lepsi pozice a ceka na 
vhodnou prilezitost vymenit damy nebo docilit zugzwangu.} 49. ... Kg8 50. 
Qf6 Qf7 {Cerny nemohl se vyhnout vymene dam, napriklad v nasledujici 
variante:} ( 50. ... Qc8 51. Qe7 Bf7 52. Ke3 Kg7 53. exf5 exf5 ( 53. ... 
gxf5? 54. g6 Kxg6 55. Bh5+ Kxh5 56. Qg5# ) 54. Qf6+ { 55. Bxc6+ }) 51. 
Qxf7+ Kxf7 {Bily docilil vyhrane koncovky s lepsim strelce proti spatnemu 
strelci.Privede krale na e5 a vyhraje vynucenim zugzwangu soupere.} 52. 
Ke3 Ke7 53. Kd4 Bd7 54. Ke5 {Cerny je nucen k pasivnim tahum strelce 
Be8-d7-c8-d7. Jakykoli tah kralem prohrava ihned, protoze bily pronikne 
pres f6 nebo d6. Cerny mohl vzdat tady ale nechal se dostat manevrem 
strelce do zugzwangu.} 54. ... Be8 55. Be2 Bd7 56. Bd3 Bc8 57. Bc2 {
okamzite provedeni manevru by nevedlo k uspechu:} ( 57. Bb1 Bd7 58. Ba2 
Bc8 59. exf5 exf5 60. Bg8 Bd7 61. Bh7 Be8 {a bily by nic nedosahl.} ) 
57. ... Bd7 58. Bb1 Bc8 59. Ba2 Bd7 60. exf5 exf5 61. Bg8 {cerny vzdal a 
partie mohla skoncit takto:} 61. ... Be8 ( 61. ... Bc8 62. Bh7 Kf7 63. Kd6
Kg7 64. Kxc6 Kxh7 65. Kxb5 +- ) 62. Be6 1-0

[Event "Bundesliga 0102"]
[Site "GER"]
[Date "2002.04.27"]
[Round "14.3"]
[White "Andersson, Ulf"]
[Black "Bunzmann, Dimitrij"]
[Result "1-0"]
[WhiteElo "2601"]
[BlackElo "2509"]
[EventDate "2001.10.06"]
[Annotator "Ribli"]
[EventType "team"]
[EventRounds "15"]
[EventCountry "GER"]
[Source "ChessBase"]
[SourceDate "2002.08.12"]
[WhiteTeam "Porz"]
[BlackTeam "Stuttgarter SF"]
[WhiteTeamCountry "GER"]
[BlackTeamCountry "GER"]

1. Nf3 Nf6 2. c4 e6 3. g3 a6 {Dieser Bauernzug wurde seinerzeit von GM 
Romanishin in die Turnierpraxis eingeführt. Schwarz bereitet damit b7 - b5
vor. Der Textzug führt zu etwas ungewöhnlichen Stellungen. Die 
Hauptfortsetzungen 3. ..d5 und 3... b6 sind sicherer für Schwarz. Pozici 
vznikajici jsou obecne nezvykle asymetricke. 

} 4. Bg2 ( 4. Nc3 d5 ) 4. ... b5 5. b3 D Bb7 ( 5. ... c5!? {Dieser Zug 
kommt ebenfalls in Betracht - denn hier kann Schwarz den Pb5 nach 6.Nc3 
mit 6...Qb6 verteidigen.} 6. O-O Bb7 7. Nc3 Qb6 8. e3 Be7 9. Qe2 O-O 10. 
Rd1 Ne4?! 11. Nxe4 Bxe4 12. d3 Bf6 13. Bb2 Bxb2 14. Qxb2 Bc6 15. Rac1 d6 
16. d4! {a bily pokracoval ve vyuziti vyznamneho naskoku ve vyvinu k 
presvedcivemu vitezstvi v partii Andersson - Arnason, Haninge 1989} ) 6. 
Nc3 {Mit diesem Zug provoziert Wei den Zug 6...b4.  tak ze v dlouhe behu 
muze vyvinout tlak na damskem kridle tahem 7.Na4 } 6. ... b4 ( 6. ... bxc4
7. bxc4 c5 8. Rb1 Bc6 9. O-O Be7 10. Re1 d6 11. e4 += {Bily kontroluje vic
prostoru v centru a ovlada sloupec b } ) ( 6. ... Bb4 7. Bb2 ) 7. Na4 Be7 
( 7. ... d6 8. d4 Nbd7 ( 8. ... Be4 9. O-O Nbd7 10. Nd2 Bxg2 11. Kxg2 g6 
12. e4 Bg7 13. f4 O-O 14. Bb2 {1/2-1/2 Filippov,V-Tunik,G/Vladivostok 
1995/CBM 50 (58)} ) 9. O-O Be7 10. a3 a5 11. Bd2 c5 12. dxc5 dxc5 13. Bf4 
O-O 14. Ne5 += {0-1 Andersson, U-Kortschnoj,V/Tilburg 1987/CBM 04 (40)} ) 
8. O-O O-O 9. d4 {Po postupu bileho 9.d4 je pro cerneho tezke dostat se do
centra, jelikoz 9 ... d5 oslabuje pole c5 napriklad:  Wir haben eine der 
Damenindischen Verteidigung ähnliche Stellung erreicht, jedoch ist in 
unserer Partie der schwarze Damenflügel geschwächt.} ( 9. Bb2 d6 10. d4 
Nbd7 11. a3 bxa3 12. Bxa3 Ra7 13. Ra2 Qa8 14. Qa1 Ne4 15. Rd1 f5 16. Bb2 
Ndf6 17. Nc3 Nxc3 18. Bxc3 Ne4 19. Ba5 Bc6 20. Qc1 Qb7 21. Qe3 {1/2-1/2 
Stangl,M-Galliamova,A/Oakham 1990/CBM 16 ext (52)} ) 9. ... a5 ( 9. ... d6
10. Be3 ( 10. a3 a5 11. axb4 axb4 12. Bd2 ( 12. Bb2!? Nbd7 13. Ne1 += ) 
12. ... c5 13. dxc5 dxc5 14. Be3 ( 14. Bf4!? ) 14. ... Nbd7 {1/2-1/2 
Permiakov,V-Krivonosov,O/LAT 1994/CBM 41/[Ribli] (26)} ) 10. ... Nbd7 11. 
Rc1 Nb6 12. Nxb6 cxb6 13. Ne1 Bxg2 14. Nxg2 d5 15. Qd3 a5 16. f3 a4 17. 
Bf2 {1-0 Vaganian,R-Tolnai,T/Saint John 1988/CBM 06 (47)} ) ( 9. ... Be4 
10. Nh4 Bxg2 11. Nxg2 d6 12. a3 bxa3 13. Bxa3 c6 14. Nf4 Nbd7 15. Qc2 Nb6 
16. Bb4 Nxa4 17. Rxa4 += {1-0 Ribli,Z-Speelman,J/Belfort 1988/CBM 08 (67)}
) ( 9. ... h6 10. Bb2 Bc6 11. Ne5 Bxg2 12. Kxg2 a5 13. e3 d6 14. Qf3 Ra7 
15. Nd3 Nbd7 16. Rfd1 d5 17. Rac1 {1/2-1/2 Konopka,M-Stocek,J/Lazne 
Bohdanec 1997/CBM 57 (34)} ) ( 9. ... d5 10. c5 a5 ( 10. ... Nbd7 11. Bf4 
+= ) 11. a3 ) 10. Bg5!? {Andersson by rad vymenil sveho strelce za jezdce 
na f6 aby po vyme belopolnych strelcu  pomoci Ne5 nebo Ne1, mohl vystavet 
silne pescove centrum e2-e4  
Eine interessante strategische Idee - anschlie end möchte Wei seinen 
Läufer gegen den Ng5 abtauschen, um ein noch stärkeres Bauernzentrum 
errichten zu können.} ( 10. Bb2 d6 11. Rc1 Nbd7 12. Ne1 Bxg2 13. Nxg2 c5 
14. Ne3 Qc7 15. Qd3 ( 15. d5!? ) 15. ... cxd4 16. Bxd4 Nc5 17. Bxc5 dxc5 
18. Rfd1 Qc6 19. Nf1 Rad8 20. Qc2 h5 {1/2-1/2 Stangl,M-Aseev,K/Brno 
1991/CBM 26/[Ribli] (33)} ) 10. ... Na6 ( 10. ... d6 11. Ne1 Bxg2 12. Nxg2
Nbd7 13. Qc2 {a bily je pripraven na e4 jelikoz 13...d5 zanecha velkou 
slabinu na sloupci c } ) ( 10. ... Ne4 11. Bxe7 Qxe7 12. Nd2 += ) 11. Ne5 
{Bily chce manevrovat jezdcem na d3  odkud bude kontrolovat dulezite 
centralni pole. Vymena strelcu oslabi bila pole v cernem tabore. } 11. ...
 Bxg2 ( 11. ... Qc8?! 12. Bxb7 Qxb7 13. Bxf6 gxf6 14. Nf3 += ( 14. Nd3 += 
) ( 14. Nxd7?? Rfd8 -+ ) ) 12. Kxg2 Qc8 ( 12. ... d6 13. Nc6 Qd7 14. Nxe7+
Qxe7 15. e4 += ) 13. e3 += {Wei hat ein starkes Bauernzentrum und aktives 
Figurenspiel. Der schwarze Na6 steht nicht sonderlich gut, aber die 
schwarze Stellung ist alles in allem solide.} 13. ... h6 ( 13. ... Qb7+ 
14. Qf3 Qxf3+ 15. Kxf3 += ) 14. Bxf6 Bxf6 15. Ng4 ( 15. f4 ) 15. ... Be7 
16. f4 {Droht 17.f5 mit Initiative.} 16. ... f5 ( 16. ... d6 17. Qf3 f5 
18. Nf2 += {bily hrozi Rae1 a e3-e4 s rozhodujici vyhodou po otevreni 
sloupce e. } ) 17. Ne5 Bf6 ( 17. ... d6?! 18. Nc6 += ( 18. Ng6 += ) ) 18. 
Qf3 {Bily nyni take kontroluje dlouhou diagonalu h1-a8 . Bude obtizne pro 
cerneho uvolnit pozici bez udelani ustupku. 
Die wei e Dame steht sehr aktiv auf der gro en Diagonale.} 18. ... Ra7 19.
 Rad1 {Rad1 je profylakticke opatreni tak ze po vymene strelcu na e5 muze 
obsadit sloupec d. Bily kontroluje centru a ma volne ruce na kralovskem 
kridle. Vez na a7 a jezdec na a6  je zvlaste velmi spatne umisten, zatimco
bily jezdec na a4 muze byt preveden do hry pres b2. } 19. ... Qe8 ( 
19. ... Bxe5 20. dxe5 += ) 20. h4 Nb8?! ( 20. ... h5 {tzah by omezil 
bileho moznosti blokovanim pole g4 } ) 21. h5! {Tento tah stisnuje silne 
pozici cerneho a zajistuje bilemu prostorovou prevahu na kralovskem 
kridle. Take hrozi Ng6 se silnym pozicnim tlakem. Jetzt droht 22.Ng6 mit 
starkem positionellen Druck.} 21. ... Bxe5 22. dxe5 {Jak bylo jiz zmineno,
bily hrozi ziskat pesce d po zdvojeni vezi a moznem Nc5. Soucasne  po 
fixovani veci na kral. kridle vznika prilezitost hrat e3 e4. 20...h5 by 
skutecne bylo potreba . Nyni vsak pozice prisla ve ktere bily ma velkou 
prostorovou vyhodu. Kazdy tah pescem cerneho by definitivne oslabil 
pozici, tak vse co muze delat je cekat. 
Jetzt ist zwar alles in der schwarzen Stellung verteidigt, aber Wei übt 
spürbar positionellen Druck aus - der Pd7 ist eine potentielle Schwäche.} 
22. ... Qe7 23. e4 fxe4 ( 23. ... Nc6 24. exf5 Rxf5 25. Qd3 Rf7 ( 25. ... 
Rxh5? 26. Qxd7 Qxd7 27. Rxd7 +- ) 26. Qe3 += {Auf diese Weise gelangen wir
- durch Zugumstellung - zu unserer Partie zurück.} ) 24. Qxe4 Nc6 25. Qd3 
Rf7 ( 25. ... Rd8 += ) 26. Qe3 D Ra8 ( 26. ... d6 27. Qe4 += {a jak se 
casto stava v partiich Anderssona ,  chce trvalou strukturalni vyhodu a 
nedovoli souperi zadnou sanci se uvolnit. } ( 27. exd6 cxd6 28. Rfe1 e5 
29. Qe4 += ) ) 27. Rd3 Rf5 ( 27. ... d6 28. exd6 cxd6 29. Rfd1 Rd8 30. Qb6
+/- ) 28. Nc5 Rd8 29. Rfd1 Nb8 {Schwarz muss den Pd7 verteidigen - seine 
Stellung ist sehr passiv, so dass er praktisch keine Hoffnungen auf 
Gegenspiel hat.} 30. g4 {Pozicne receno, cerny je zady u zdi. Partie je 
dobry priklad jak transformovat velkou pozicni vyhodu do vyhry. } 30. ... 
Rf7 31. Kg3! {Silny profylakticky tah zvyraznuje prostorovou vyhodu 
bileho. .. ... Der wei e König befindet sich auf g3 in Sicherheit und 
verhindert den Ausflug der schwarzen Dame nach h4.} 31. ... Rdf8 32. Rf1 (
32. Nxd7 Nxd7 ( 32. ... Rxf4? 33. Nxf8 +- ) 33. Rxd7 Qxd7 34. Rxd7 Rxd7 {
Wei hat zwar einen Bauern mehr, aber die beiden Türme sind stark.} ) 
32. ... Qe8 {zacina manevrovaci faze . Andersson si uziva pozice jako tato
a muze nahodit tlak pomalu ale jiste - aniz se do neceho pusti. } 33. Rf2 
Qe7 34. Rdd2 Qe8 35. Qe2 Qe7 36. Qe3 Qe8 37. Rf3 Qe7 38. Rd1 {Wei spielt 
auf Zeitgewinn und hält die Stellung mit kleinen Zügen.} 38. ... Qe8 39. 
Rd2 Qe7 40. Rd1 Qe8 41. Nd3 {Es droht eventuell 42.Qa7 mit Doppelangriff 
auf die Bauern a5 und c7.} 41. ... Nc6 42. Qe4 Qb8?! {Schwarz setzt auf 
taktische Gegenchancen. Meiner Meinung täte er aber besser daran, mit 
42...Qe7 das folgende 43.Nc5 zu verhindern.} ( 42. ... Qe7!? += 43. Qe3 
Qe8 44. Nc5 d6 45. exd6 e5 46. f5 Nd4 47. d7 Qe7 48. Rxd4 exd4 49. Qxe7 
Rxe7 50. Rd3 Rd8 ( 50. ... Re3+ 51. Rxe3 dxe3 52. Ne6 +- ) 51. Rxd4 Kf7 
52. Kf4 Kf6 53. Re4 Rxe4+ 54. Kxe4 c6 55. Kf4 Ke7 56. Ke5 Rh8 57. Ne6 Kxd7
58. Nxg7 Ke7 59. Ne6 Re8 60. c5 Kf7 61. Kd6 Rg8 62. Kxc6 +- ) 43. Nc5 D 
Qb6 {Das ist die Pointe des schwarzen Spiels.} ( 43. ... Nxe5 44. Qxe5 d6 
45. Qxe6 dxc5 46. Rd7 +/- ) 44. Qe3! ( 44. Nxd7? Rxd7 45. Rxd7 Qg1+ 46. 
Kh3 ( 46. Kh4 Qh1+ =, quiet ( 46. ... Qh2+ 47. Rh3 Qf2+ =, quiet ) ) 
46. ... Qh1+ =, quiet ) 44. ... Nb8 ( 44. ... Nxe5! 45. Qxe5 d6 46. Qxe6 
Qxc5 47. f5 += {bily muze mit jeste vice prostoru, ale jeho vyhoda je 
mensi nez v partii. } ( 47. Qd5 += ) ) 45. Nd3 Nc6 ( 45. ... Qxe3 46. Rxe3
Nc6 47. Re4 +/- ) 46. Nc5?! {Bily by mel vymenit damy tady aby eliminovl 
taktickou hrozbu:} ( 46. Qxb6!? cxb6 47. Ne1 +/- ) 46. ... Nb8?! ( 46. ...
 Nxe5! ) 47. Rd2 Re8 48. Nd3 Nc6 49. Qxb6 cxb6 50. Nf2! +/- { Bily drzi 
pole d6 } 50. ... Ref8 {Jetzt droht 51...Nxe5.} 51. Rdd3 Ra8 52. Ne4 a4 
53. Nd6 Rff8 54. Nb5 Rfd8 ( 54. ... Rf7 += 55. Rd2 Raf8 56. Rff2 +/- ) 55.
 Rd6 Kf8 56. Rfd3 Ke7 D {najdete nejpresnejsi zpusob uplatneni vyhody 
bileho ve vetsim prostoru. } 57. Nd4! {Likviduje na koncovku 4 vezi, po 
ktere cerny zahyne dusledkem pescovych slabin a nedostatku prostoru. } 
57. ... axb3 58. axb3 Nxd4 ( 58. ... Rac8 59. Nxc6+ dxc6 60. Rxd8 Rxd8 61.
 Rxd8 Kxd8 62. Kf3 Kd7 63. Ke4 c5 64. f5 Ke7 65. Kf4 Kf7 66. fxe6+ Kxe6 
67. Ke4 +- ) 59. R3xd4 +/- {Wei macht nach wie vor starken Druck auf der d
- Linie und besitzt die Bauernmehrheit am Königsflügel.} 59. ... Rab8 60. 
f5 âŠ™ {Schwarz befindet sich in Zugzwang.} 60. ... b5 ( 60. ... exf5 61. 
gxf5 ) 61. c5 ( 61. cxb5 Rxb5 62. Kf4 +- ) 61. ... Rbc8 62. c6! +- {
rozhodujici tah } 62. ... Rc7 ( 62. ... Rxc6 63. Rxc6 dxc6 64. f6+ gxf6 
65. exf6+ Ke8 66. f7+ +- ) 63. Rxd7+ Rdxd7 64. Rxd7+ Rxd7 65. cxd7 Kxd7 
66. Kf4 ( 66. Kf4 Ke7 67. g5 +- ( 67. Ke4 Kd7 68. Kd4 +- ) ) 1-0

[Event "Capablanca Memorial"]
[Site "Capablanca mem"]
[Date "1974.??.??"]
[Round "D sloupec"]
[White "Andersson, Ulf"]
[Black "Knaak, Rainer"]
[Result "1-0"]
[WhiteElo "2580"]
[BlackElo "2515"]
[EventDate "1974.??.??"]
[PlyCount "49"]

1. Nf3 Nf6 2. c4 b6 3. g3 Bb7 4. Bg2 c5 5. O-O g6 6. b3 {Toto je 
specialita Ulfa Anderssona, ktey je povazovan za skutecneho specialistu 
Jezka - Hedgehog, jak s bilymi tak s cernymi. Alternativa k b3 je Nc3 a 
potom 7.d4 cxd4 8.Qxd4 s ruznymi druhy pozic ze kterych jsou videt v teto 
partii. } 6. ... Bg7 7. Bb2 O-O 8. Nc3 {Zde je take mozne okamzite 8.d4 a 
otevrit pozici. } 8. ... Ne4 {Tde misto Ne4, Ulf Andersson  casteji hral 
8....d5} ( 8. ... d5 9. Nxd5 Nxd5 10. Bxg7 Kxg7 11. cxd5 Qxd5 12. d4 cxd4 
13. Qxd4+ Qxd4 14. Nxd4 Bxg2 15. Kxg2 {Neni snadne pro cerneho vyrovnat v 
teto koncovce jak lze videt v partii c.1 Teoreticky nejlepsi po 8.Nc3 je 
Nc6} ) ( 8. ... Na6 ) 9. Qc2 Nxc3 10. Bxc3 Bxc3 11. Qxc3 d5? ( 11. ... 
Bxf3 ( 11. ... d6 12. d4 Nd7 13. Rad1 Nf6 14. d5 Qd7 15. Rfe1 ) 12. Qxf3 
Nc6 13. e3 Rc8 14. Rad1 e6 15. Rfe1 e5 16. Qd5 Qc7 17. a3 Rce8 ) 12. d4 {
12.d4 je nezbytne aby se zabrenilo 12..d4 s uzavrenim pozice a vyuzit  
naskok ve vyvinu k zajisteni minimalni vyhody.} 12. ... cxd4 ( 12. ... 
dxc4 13. dxc5 cxb3 14. axb3 Qc7 15. Rfc1 +/- ) 13. Qxd4 dxc4 14. Qxc4 +/- 
{Bily jiz ma vyhodu, jelikoz muze obsadit  centralni sloupce rychleji 
vezemi  a jelikoz pozice cerneho krale  byla oslabena. } 14. ... Nc6 15. 
Rfd1 Qe8 D {Jaky tah muze bily hrat aby odhalil slabiny cerneho?} 16. Qf4!
{Odsud ma dama k dispozici Qc7 nebo Qh6 a potom Ng5 a h4-h5 s utokem na 
krale.
Ale dulezita pozicni vyhoda prijde kdyz bily pokracuje v obsazeni d 
sloupce vezemi. } ( 16. Qh4 ) 16. ... Rc8 ( 16. ... Rd8 17. Qc7 Ba8 18. 
Rac1 {Bily vyviji silny tlak na damske kridlo. Cerny se musi branit 
pasivne. } ) 17. Rd2 Kg7?! {Lepsi obrana je ...f6!} ( 17. ... f6! 18. Rad1
e5 19. Qc4+ Qf7 20. Qa4 {Bily chce obsadit 7 radu. Asi nejlepsi obrana je 
} 20. ... Rfd8 ( 20. ... Rc7 21. Ng5! +- ) 21. Rxd8+ Rxd8 ( 21. ... Nxd8 
22. Bh3 +/- ) 22. Rxd8+ Nxd8 23. Qxa7 Qc7 24. h3 += {a bily ma technicke 
problemy premenit vyhodu ve vyhru. } ) 18. Rad1 Ba8 ( 18. ... Rd8 19. Rxd8
Nxd8 20. Qb8 +/- ) 19. Ne5 Nxe5 20. Qxe5+ f6 21. Qe6 Bxg2? {Cerny prehlizi
nasledujici mezitah. Lepsi tah je 21...Qf7 22.Qe3+/-. Bily dominuje na d 
sloupci a hrozi 23.Rd7} 22. Rd7! +- Rf7 ( 22. ... Bh3 23. Rxe7+ Rf7 24. 
Rxf7+ Qxf7 25. Qxh3 Rc7 26. e4 +- Qe7 27. Qg4 h5 28. Qe2 Rd7 29. Rxd7 Qxd7
30. h4 Qc7 31. Qb5 Qd6 32. Qe8 Qd1+ 33. Kh2 Qc2 34. Qe7+ Kg8 35. Qxf6 Qxe4
36. b4 Qe8 37. b5 Kh7 38. a4 ) 23. Kxg2 Rc5 24. Rxa7 b5 25. e3 {cerny 
vzdal } 25. ... Re5 26. Qa6 Rf8 27. Rdd7 +- Qf7 28. Rab7 Rc8 29. Rxe7 Rxe7
30. Rxe7 Qxe7 31. Qxc8 Qe4+ 32. Kh3 Qd5 33. Qc2 1-0

[Event "Bugojno"]
[Site "Bugojno BIH"]
[Date "1980.??.??"]
[Round "8"]
[White "Andersson, Ulf"]
[Black "Kavalek, Lubomir"]
[Result "1-0"]
[WhiteElo "2590"]
[BlackElo "2600"]
[EventDate "1980.05.??"]
[PlyCount "71"]
[EventType "tourn"]
[EventRounds "11"]
[EventCountry "YUG"]
[EventCategory "15"]
[Source "ChessBase"]
[SourceDate "1999.07.01"]
[WhiteTeamCountry "URS"]
[BlackTeamCountry "YUG"]

1. c4 e5 2. Nc3 d6 3. d4 Nd7 4. Nf3 Ngf6 5. e4 g6 {Cerny voli transpozici 
do kralovske indicke. Alternativa  by byla 5...Be7 se staroindickou 
obranou } 6. Be2 Bg7 7. O-O O-O 8. Re1 c6 9. Rb1 a6 10. dxe5 {Jak jste si 
uvedomili, Andersson ma tendenci vytvaret jednoduche symetricke  pozice 
strategicke povahy. } 10. ... Nxe5 11. Nxe5 dxe5 12. Be3 Be6 13. Qc2 Ng4? 
D {Toto je pozicni blunder cerneho. Dava bilemu sanci vymenit spatneho 
belopolneho strelce a vyuzit slabe pole c5  a b6 pole na damskem kridle. 
Tento jezdec musi jit na d7, pro zajisteni obrany slabin na damskem 
kridle. } 14. Bxg4 Bxg4 15. f3 Be6 16. Na4! {Jak bylo zmineno vyse, zde uz
nema obranou moznost ...Nd7} 16. ... Re8 ( 16. ... b5 17. Rbd1 Qf6 18. Nb6
Rad8 19. Qc1! +/- ) 17. Rbd1 Qe7 D {Jak bily vyuzije cerna pole pro svou 
vyhodu? } 18. Bb6! {Bily nyni obsadi d sloupec a kontroluje pozici po 
zdvojeni vezi. Pozice ktera vznikla je extremne depresivni pro cerneho. 
Jeho dvojice strelcu neni kompenzace, jelikoz oba strelci jsou neucinne 
umisteny a neni zpusob zlepsit jejich pozici. Jak partie pokracuje, 
Andersson nedava souperi vubec zadnou sanci. } 18. ... h5 19. Nc5 Bh6 20. 
Rd3 Bc8 {Zajimava alternativa cilena na vyrovnani pozice, ackoli 
nedostatecna, byla.  } ( 20. ... Rad8 21. Rxd8 Rxd8 22. Bxd8 Qxc5+ 23. Qf2
Qxc4 24. b3 Qc3 25. Bf6 +/- {s lepsimi vyhlidkami nez v partii } ) 21. 
Red1 Bg5 22. Qf2 Qf8 23. b3 {Neni spech hrat Nd7, jelikoz cerny nema 
zpusob jak zabranit tomuto tahu. } 23. ... Be7 24. Nd7 Qg7 25. a4 Bb4 26. 
Bc5 Ba5 27. b4 Bc7 28. Bb6 Bxb6 29. Qxb6 f5 30. h3 fxe4 31. fxe4 Kh7 32. 
Rd6 Bxd7 33. Rxd7 Re7 34. Qxb7 Rae8 35. Qxc6 Qh6 36. Qf6 1-0